[Event "KOS-chT"]
[Site "Pristina"]
[Date "2025.05.29"]
[Round "7.1"]
[White "Georgiev, Kiril"]
[Black "Saric, Ante"]
[Result "0-1"]
[WhiteElo "2529"]
[BlackElo "2490"]
[PlyCount "122"]
[EventDate "2025.05.24"]
[EventType "team-tourn"]
[EventRounds "7"]
[EventCountry "KOS"]
[SourceTitle "CB23_2025"]
[SourceDate "2025.06.04"]
[SourceVersion "1"]
[SourceVersionDate "2025.06.04"]
[SourceQuality "1"]
[WhiteTeam "Drejtesia Trokadero"]
[BlackTeam "Dardania"]
[WhiteTeamCountry "KOS"]
[BlackTeamCountry "KOS"]

1. Nf3 d5 2. d4 Nf6 3. c4 e6 4. Nc3 Be7 5. Bf4 0-0 6. e3 b6 7. cxd5 Nxd5 8. Nxd5 Qxd5 9. a3 c5 10. dxc5 Qxc5 11. Rc1 Qa5+ 12. Qd2 Qxd2+ 13. Nxd2 Ba6 14. Be2 Bxe2 15. Kxe2 Na6 16. b4 Rfc8 17. Ne4 f6 18. Bd6 Kf8 19. Rhd1 Rxc1 20. Rxc1 Rd8 21. Bxe7+ Kxe7 22. Rc4 Rd7 23. Nc3 Nc7 24. e4 Ne8 25. f4 Nd6 26. Rc6 Rb7 27. b5 Kd7 28. a4 a6 29. bxa6 Kxc6 30. axb7 Nxb7 31. Kd3 Kc5 32. Na2 Nd6 33. g3 h5 34. h3 f5 35. exf5 exf5 36. Nc3 Nc4 37. Nb5 Nb2+ 38. Kc2 Nxa4 39. Nc7 g6 40. Ne6+ Kd6 41. Nf8 Nc5 42. Nxg6 Ne4 43. g4 fxg4 44. hxg4 hxg4 45. Kd3 Nc5+ 46. Kd4 Ke6 47. Nh4 Kf6 48. Kd5 Ne6 49. Ng2 b5 50. Ke4 b4 51. Ne3 Nc5+ 52. Kd4 g3 53. Kc4 b3 54. Kc3 Ke6 55. Kd2 Ne4+ 56. Kc1 Nd6 57. Ng2 Nc4 58. Nh4 Kd5 59. Kb1 Kd4 60. Nf5+ Kc3 61. Nxg3 Nd2+ 0-1

[Event "Bucharest ROM GP"]
[Site "Bucharest"]
[Date "2025.05.11"]
[Round "7"]
[White "Georgiev, Kiril"]
[Black "Padurariu, Mihai Edward"]
[Result "1-0"]
[WhiteElo "2529"]
[BlackElo "2240"]
[PlyCount "75"]
[EventDate "2025.05.10"]
[EventType "swiss"]
[EventRounds "10"]
[EventCountry "ROU"]
[SourceTitle "CB20_2025"]
[SourceDate "2025.05.14"]
[SourceVersion "1"]
[SourceVersionDate "2025.05.14"]
[SourceQuality "1"]

1. d4 d5 2. c4 e6 3. Nc3 c5 4. cxd5 exd5 5. Nf3 Nf6 6. Bg5 Be6 7. e3 c4 8. Be2 Nbd7 9. 0-0 Qa5 10. a3 Bd6 11. Nd2 0-0 12. f4 Bf5 13. g4 Bd3 14. Bxd3 cxd3 15. Bxf6 Nxf6 16. g5 Nd7 17. b4 Qa6 18. Nxd5 Rac8 19. Qb3 Qc6 20. Ra2 b5 21. e4 Nb6 22. Nxb6 axb6 23. Qxd3 Qc3 24. Qxc3 Rxc3 25. e5 Bb8 26. Rf3 Rc1+ 27. Kf2 f6 28. gxf6 gxf6 29. Ne4 fxe5 30. dxe5 Rc4 31. Re2 Kf7 32. f5 Rg8 33. e6+ Ke7 34. f6+ Kxe6 35. f7 Rf8 36. Ng5+ Kd5 37. Rf5+ Kc6 38. Nxh7 1-0

[Event "Bucharest ROM GP"]
[Site "Bucharest"]
[Date "2025.05.11"]
[Round "10"]
[White "Georgiev, Kiril"]
[Black "Vedmediuc, Serghei"]
[Result "1/2-1/2"]
[WhiteElo "2529"]
[BlackElo "2427"]
[PlyCount "122"]
[EventDate "2025.05.10"]
[EventType "swiss"]
[EventRounds "10"]
[EventCountry "ROU"]
[SourceTitle "CB20_2025"]
[SourceDate "2025.05.14"]
[SourceVersion "1"]
[SourceVersionDate "2025.05.14"]
[SourceQuality "1"]

1. d4 d5 2. Bf4 Nf6 3. e3 e6 4. Nf3 Bd6 5. Bg3 0-0 6. c4 c5 7. Nc3 Nc6 8. dxc5 Bxc5 9. Be2 d4 10. exd4 Nxd4 11. 0-0 Nxe2+ 12. Qxe2 Bd7 13. Rfd1 Qe7 14. Ne5 h6 15. a3 a5 16. Ne4 Nxe4 17. Rxd7 Nxg3 18. hxg3 Qf6 19. Ng4 Qf5 20. Rxb7 Rab8 21. Rb5 Rxb5 22. cxb5 h5 23. Nh2 Rc8 24. Nf3 Bb6 25. Rd1 Rc2 26. Rd2 Rxd2 27. Qxd2 Qxb5 28. b4 axb4 29. axb4 g6 30. Ng5 Qf5 31. Nf3 Qb5 32. Qd6 Qa6 33. Qe5 Qa7 34. Qb2 Qc7 35. Kh2 Qa7 36. Kg1 Qc7 37. Ne5 Qd6 38. Nc4 Qd1+ 39. Kh2 Bd4 40. Qa2 Qe1 41. Qd2 Qxd2 42. Nxd2 Bc3 43. Nc4 Bxb4 44. f3 Bc3 45. g4 hxg4 46. fxg4 Kg7 47. Kg3 Kf6 48. Kf3 Bb4 49. Ke4 Kg5 50. Kf3 f5 51. gxf5 gxf5 52. Ne5 Bc3 53. Nf7+ Kf6 54. Nd6 Bb4 55. Nc4 Kg5 56. Ne5 Bc3 57. Nf7+ Kg6 58. Nd6 Bb4 59. Nc4 Kh5 60. Ne5 Bd6 61. g4+ fxg4+ 1/2-1/2

[Event "Bucharest ROM GP"]
[Site "Bucharest"]
[Date "2025.05.10"]
[Round "3"]
[White "Georgiev, Kiril"]
[Black "Gales, Randi Ioan"]
[Result "1-0"]
[WhiteElo "2529"]
[BlackElo "2290"]
[PlyCount "91"]
[EventDate "2025.05.10"]
[EventType "swiss"]
[EventRounds "10"]
[EventCountry "ROU"]
[SourceTitle "CB20_2025"]
[SourceDate "2025.05.14"]
[SourceVersion "1"]
[SourceVersionDate "2025.05.14"]
[SourceQuality "1"]

1. Nf3 Nf6 2. c4 c5 3. Nc3 Nc6 4. d4 cxd4 5. Nxd4 e6 6. Bf4 d5 7. cxd5 Nxd5 8. Nxc6 bxc6 9. Bd2 Be7 10. Rc1 0-0 11. g3 Rb8 12. Qc2 Bb7 13. Bg2 c5 14. 0-0 Nb4 15. Qd1 Bxg2 16. Kxg2 Nxa2 17. Nxa2 Qd5+ 18. e4 Qxa2 19. Bc3 Rb7 20. Qg4 f6 21. Rfd1 Qb3 22. Rd3 Qb6 23. Rcd1 Qc6 24. h4 c4 25. R3d2 Kf7 26. Kg1 Re8 27. h5 Rbb8 28. h6 g6 29. Qf4 Rf8 30. Rd7 e5 31. Bxe5 Rbd8 32. Rxd8 Rxd8 33. Rxd8 Bxd8 34. Bc3 Bc7 35. Qg4 Qe6 36. Qf3 Be5 37. Qe3 Kf8 38. Qxa7 Bxc3 39. Qg7+ Ke8 40. Qh8+ Kd7 41. Qxh7+ Kd6 42. bxc3 Qxe4 43. Qa7 Qe1+ 44. Kh2 Qxc3 45. h7 f5 46. Qb8+ 1-0

[Event "Skopje op-A"]
[Site "Skopje"]
[Date "2024.12.15"]
[Round "7"]
[White "Georgiev, Kiril"]
[Black "Kadric, Denis"]
[Result "1/2-1/2"]
[WhiteElo "2537"]
[BlackElo "2544"]
[PlyCount "24"]
[EventDate "2024.12.11"]
[EventType "swiss"]
[EventRounds "9"]
[EventCountry "MKD"]
[SourceTitle "CB52_2024"]
[SourceDate "2024.12.25"]
[SourceVersion "1"]
[SourceVersionDate "2024.12.25"]
[SourceQuality "1"]

1. c4 e5 2. Nc3 d6 3. g3 Nf6 4. Bg2 g6 5. Nf3 Bg7 6. 0-0 0-0 7. d3 a5 8. Rb1 c6 9. a3 h6 10. b4 axb4 11. axb4 Be6 12. c5 dxc5 1/2-1/2

[Event "Skopje op-A"]
[Site "Skopje"]
[Date "2024.12.14"]
[Round "5"]
[White "Georgiev, Kiril"]
[Black "Stoimenidis, Dimitrios"]
[Result "1-0"]
[WhiteElo "2537"]
[BlackElo "2231"]
[PlyCount "81"]
[EventDate "2024.12.11"]
[EventType "swiss"]
[EventRounds "9"]
[EventCountry "MKD"]
[SourceTitle "CB52_2024"]
[SourceDate "2024.12.25"]
[SourceVersion "1"]
[SourceVersionDate "2024.12.25"]
[SourceQuality "1"]

1. Nf3 Nf6 2. c4 e6 3. Nc3 d5 4. e3 Be7 5. b3 c5 6. Bb2 0-0 7. cxd5 Nxd5 8. Nxd5 exd5 9. Rc1 Nc6 10. Be2 d4 11. Qc2 Nb4 12. Qb1 d3 13. Bd1 Bf5 14. 0-0 Rc8 15. a3 Nc6 16. Ne5 Nxe5 17. Bxe5 Qb6 18. Qb2 f6 19. Bc3 Be6 20. Rb1 a5 21. Bf3 Qa6 22. Be4 Rfd8 23. a4 Rd6 24. Qa2 Rb8 25. Rb2 b5 26. axb5 Rxb5 27. Ra1 f5 28. Bf3 Qa7 29. g3 Rdb6 30. Bd1 c4 31. bxc4 Rxb2 32. Bxb2 Rb4 33. Bd4 Qa6 34. Qa3 Bxc4 35. Bc3 Qb5 36. Bxb4 axb4 37. Qa8+ Kf7 38. Ra5 Qd7 39. Ba4 Qe6 40. Qe8+ Kf6 41. Bd7 1-0

[Event "Skopje op-A"]
[Site "Skopje"]
[Date "2024.12.12"]
[Round "2"]
[White "Androutsopoulos Agiotatos, Vasilios"]
[Black "Georgiev, Kiril"]
[Result "1/2-1/2"]
[WhiteElo "2138"]
[BlackElo "2537"]
[PlyCount "64"]
[EventDate "2024.12.11"]
[EventType "swiss"]
[EventRounds "9"]
[EventCountry "MKD"]
[SourceTitle "CB52_2024"]
[SourceDate "2024.12.25"]
[SourceVersion "1"]
[SourceVersionDate "2024.12.25"]
[SourceQuality "1"]

1. e4 c6 2. d4 d5 3. e5 Bf5 4. Nd2 e6 5. Nb3 Nd7 6. Nf3 h6 7. Be2 Ne7 8. 0-0 Bh7 9. a4 Nc8 10. a5 a6 11. Be3 Be7 12. Ne1 0-0 13. f4 b6 14. Nd3 Kh8 15. Bg4 f5 16. exf6 Rxf6 17. Ne5 Qc7 18. Bf2 Rxf4 19. Qd2 Bg5 20. Be3 Rxf1+ 21. Rxf1 Nd6 22. Rf7 Nxf7 23. Nxf7+ Kg8 24. Bxe6 Bxe3+ 25. Qxe3 Nf6 26. axb6 Qxb6 27. Nc5 Qxb2 28. Ng5+ Kh8 29. Nf7+ Kg8 30. Ng5+ Kh8 31. Nf7+ Kg8 32. Ng5+ Kh8 1/2-1/2

[Event "Skopje op-A"]
[Site "Skopje"]
[Date "2024.12.11"]
[Round "1"]
[White "Georgiev, Kiril"]
[Black "Ucoluk, Umut"]
[Result "1-0"]
[WhiteElo "2537"]
[BlackElo "1991"]
[PlyCount "105"]
[EventDate "2024.12.11"]
[EventType "swiss"]
[EventRounds "9"]
[EventCountry "MKD"]
[SourceTitle "CB52_2024"]
[SourceDate "2024.12.25"]
[SourceVersion "1"]
[SourceVersionDate "2024.12.25"]
[SourceQuality "1"]

1. Nf3 d5 2. e3 Nf6 3. c4 c6 4. Nc3 e6 5. b3 Nbd7 6. Bb2 Bd6 7. Qc2 0-0 8. Be2 e5 9. cxd5 Nxd5 10. Ne4 Bc7 11. Ng3 Re8 12. 0-0 N7f6 13. d3 a5 14. a3 h6 15. Rfe1 Bd7 16. Bf1 Qb8 17. Rac1 Bg4 18. Nd2 Qa7 19. h3 Bd7 20. Nc4 Rac8 21. Qd1 b5 22. Nd2 Bb6 23. Nf3 Qb8 24. e4 Nf4 25. d4 exd4 26. Nxd4 Red8 27. e5 N6d5 28. Qf3 Bxd4 29. Bxd4 Ne6 30. Ba1 Ng5 31. Qe2 Nf4 32. Qe3 Nd5 33. Qc5 Ne6 34. Qc2 c5 35. Ne4 Bc6 36. Nd6 Rc7 37. Qf5 g6 38. Qg4 Ndf4 39. Bc3 h5 40. Qg3 b4 41. Bd2 Nd5 42. f4 Ne7 43. axb4 cxb4 44. Bd3 Ng7 45. Be3 Bd7 46. Rxc7 Qxc7 47. Qf2 Rf8 48. Rc1 Qb8 49. Ba7 Qa8 50. Bc5 Rc8 51. Nxc8 Nxc8 52. Qd2 Bc6 53. Bc4 1-0

[Event "EU-ch Blitz"]
[Site "Skopje"]
[Date "2024.12.09"]
[Round "9"]
[White "Georgiev, Kiril"]
[Black "Goraj, Barbara"]
[Result "1-0"]
[WhiteElo "2537"]
[BlackElo "2178"]
[PlyCount "65"]
[EventDate "2024.12.09"]
[EventType "swiss (blitz)"]
[EventRounds "13"]
[EventCountry "MKD"]
[SourceTitle "CB50_2024"]
[SourceDate "2024.11.01"]
[SourceVersion "1"]
[SourceVersionDate "2024.11.01"]
[SourceQuality "2"]

1. Nf3 Nf6 2. c4 g6 3. g3 Bg7 4. Bg2 0-0 5. 0-0 d6 6. Nc3 Nc6 7. Rb1 e5 8. b4 Be6 9. b5 Ne7 10. d3 c6 11. a4 h6 12. Ba3 Qc7 13. Qb3 Rab8 14. Rfc1 Nf5 15. e3 Rfd8 16. Nd2 c5 17. b6 axb6 18. Qxb6 Qe7 19. Qa7 h5 20. Rxb7 Rxb7 21. Qxb7 Rd7 22. Qb8+ Rd8 23. Qb3 h4 24. a5 hxg3 25. hxg3 Bc8 26. Qb6 Nd7 27. Qc7 Ba6 28. Nd5 Qe8 29. Qa7 Bc8 30. Ne4 Kf8 31. Rb1 Bh6 32. Bh3 Ng7 33. Nxd6 1-0

[Event "EU-ch Blitz"]
[Site "Skopje"]
[Date "2024.12.09"]
[Round "3"]
[White "Georgiev, Kiril"]
[Black "Herega, Nejc"]
[Result "1-0"]
[WhiteElo "2537"]
[BlackElo "2249"]
[PlyCount "187"]
[EventDate "2024.12.09"]
[EventType "swiss (blitz)"]
[EventRounds "13"]
[EventCountry "MKD"]
[SourceTitle "CB50_2024"]
[SourceDate "2024.11.01"]
[SourceVersion "1"]
[SourceVersionDate "2024.11.01"]
[SourceQuality "2"]

1. c4 e6 2. Nf3 d5 3. b3 Nf6 4. Bb2 c5 5. e3 Nc6 6. cxd5 exd5 7. Bb5 Bd6 8. d4 cxd4 9. Qxd4 0-0 10. Bxc6 bxc6 11. 0-0 Bb7 12. Nbd2 c5 13. Qh4 Be7 14. Rfd1 Ne4 15. Qg4 Bf6 16. Bxf6 Qxf6 17. Nxe4 dxe4 18. Nd2 Qe7 19. Nc4 Rfd8 20. Qf4 Ba6 21. Nd6 Bd3 22. Nf5 Qf6 23. h4 Rd5 24. Ng3 Qxf4 25. exf4 f5 26. Nf1 g6 27. Ne3 Rd4 28. Rdc1 Rc8 29. Rc3 a5 30. Rac1 a4 31. Rxc5 Rxc5 32. Rxc5 axb3 33. axb3 Rb4 34. Rc8+ Kg7 35. Rc7+ Kg8 36. Nd5 Rxb3 37. Nf6+ Kf8 38. Nxh7+ Ke8 39. Rg7 Rb6 40. Kh2 Rb2 41. Kg3 Rb6 42. Ng5 Bc4 43. Rc7 Bd5 44. Rc5 Rb3+ 45. Kh2 Bb7 46. Rc7 Rb2 47. Nh3 e3 48. Rc1 e2 49. Re1 Ba6 50. Ng1 Kf7 51. f3 Rd2 52. Kg3 Rd1 53. Kf2 Rd4 54. g3 Rd3 55. Rxe2 Bb7 56. Rb2 Bd5 57. Re2 Kf6 58. Re3 Rd2+ 59. Kf1 Bc4+ 60. Ne2 Rd1+ 61. Kg2 Rd2 62. Kf2 Rc2 63. g4 Rd2 64. Ke1 Ra2 65. Ng3 Rg2 66. g5+ Kf7 67. Ne2 Rh2 68. Nd4 Rxh4 69. Rc3 Bd5 70. Rc7+ Kg8 71. Rc5 Bf7 72. Rc8+ Kg7 73. Rc7 Kg8 74. Kf2 Rxf4 75. Ke3 Rh4 76. Nc6 Rc4 77. Ne7+ Kf8 78. Nxg6+ Kg8 79. Rxc4 Bxc4 80. Ne7+ Kf7 81. Nxf5 Kg6 82. Kf4 Be2 83. Nd4 Bc4 84. Kg4 Ba6 85. f4 Bc8+ 86. f5+ Kg7 87. Kf4 Kf7 88. Nf3 Bb7 89. Ne5+ Kf8 90. f6 Bc8 91. g6 Kg8 92. Kg5 Be6 93. Ng4 Bd7 94. Nh6+ 1-0

[Event "EU-ch Rapid"]
[Site "Skopje"]
[Date "2024.12.08"]
[Round "11"]
[White "Georgiev, Kiril"]
[Black "Kadric, Denis"]
[Result "1/2-1/2"]
[WhiteElo "2537"]
[BlackElo "2544"]
[PlyCount "84"]
[EventDate "2024.12.07"]
[EventType "swiss (rapid)"]
[EventRounds "11"]
[EventCountry "MKD"]
[SourceTitle "CB50_2024"]
[SourceDate "2024.11.01"]
[SourceVersion "1"]
[SourceVersionDate "2024.11.01"]
[SourceQuality "2"]

1. Nf3 d6 2. d4 Nf6 3. g3 Nbd7 4. c4 e5 5. Nc3 g6 6. Bg2 Bg7 7. 0-0 0-0 8. h3 Re8 9. dxe5 dxe5 10. Be3 c6 11. Qd2 Qe7 12. Rfd1 Nc5 13. Ng5 h6 14. Bxc5 Qxc5 15. Nge4 Nxe4 16. Nxe4 Qe7 17. Nd6 Rd8 18. Nxc8 Raxc8 19. Qe3 a6 20. Rab1 f5 21. Qb3 e4 22. e3 h5 23. h4 Be5 24. Bf1 Kg7 25. c5 Kh6 26. Bh3 Rc7 27. Rxd8 Qxd8 28. Rd1 Rd7 29. Rxd7 Qxd7 30. Bf1 Qg7 31. Bc4 Bxb2 32. Bf7 g5 33. Qe6+ Qf6 34. hxg5+ Kxg5 35. Qd7 h4 36. gxh4+ Kxh4 37. Be8 Qg7+ 38. Kf1 Qxd7 39. Bxd7 Kg5 40. Bc8 Ba3 41. Bxb7 a5 42. Bxc6 Bxc5 1/2-1/2

[Event "EU-ch Rapid"]
[Site "Skopje"]
[Date "2024.12.08"]
[Round "10"]
[White "Kazakouski, Valery"]
[Black "Georgiev, Kiril"]
[Result "1/2-1/2"]
[WhiteElo "2567"]
[BlackElo "2537"]
[PlyCount "142"]
[EventDate "2024.12.07"]
[EventType "swiss (rapid)"]
[EventRounds "11"]
[EventCountry "MKD"]
[SourceTitle "CB50_2024"]
[SourceDate "2024.11.01"]
[SourceVersion "1"]
[SourceVersionDate "2024.11.01"]
[SourceQuality "2"]

1. e4 e5 2. Nf3 Nc6 3. Bc4 Bc5 4. c3 Nf6 5. d3 h6 6. 0-0 d6 7. a4 a5 8. Nbd2 0-0 9. h3 Ne7 10. Re1 Ng6 11. Nf1 c6 12. Bb3 Bb6 13. Ng3 d5 14. Be3 Bc7 15. Bc2 Re8 16. Qb1 Be6 17. b4 Qc8 18. b5 dxe4 19. dxe4 cxb5 20. Qxb5 Nf4 21. Bb3 Ra6 22. Bxe6 Raxe6 23. Rab1 b6 24. Red1 Qa8 25. Nd2 Rc8 26. Rbc1 g6 27. c4 h5 28. c5 h4 29. cxb6 Bxb6 30. Rxc8+ Qxc8 31. Bxb6 hxg3 32. fxg3 Qc2 33. Qb1 Ne2+ 34. Kf2 Qxb1 35. Rxb1 Nc3 36. Rb3 Nxa4 37. Bxa5 Nc5 38. Re3 Ra6 39. Bb4 Ra2 40. Bxc5 Rxd2+ 41. Kf3 Nd7 42. Bb4 Rc2 43. Rd3 Rc7 44. Bd6 Rb7 45. g4 f6 46. g5 fxg5 47. Kg4 Nf6+ 48. Kf3 Rb5 49. Be7 Kf7 50. Bxf6 Kxf6 51. Rd6+ Kg7 52. Kg4 Kh6 53. Rd5 Rb2 54. g3 Rb3 55. Rxe5 Re3 56. Re7 Rb3 57. Re6 Re3 58. Re7 Rb3 59. h4 gxh4 60. Kxh4 Rf3 61. Kg4 Rf1 62. e5 Rf5 63. e6 Rf6 64. Kh4 Rf5 65. Kg4 Rf6 66. Kh4 Rf5 67. Ra7 Re5 68. e7 Re4+ 69. g4 g5+ 70. Kg3 Kg6 71. Kf3 Rf4+ 1/2-1/2

[Event "EU-ch Rapid"]
[Site "Skopje"]
[Date "2024.12.07"]
[Round "6"]
[White "Navara, David"]
[Black "Georgiev, Kiril"]
[Result "0-1"]
[WhiteElo "2665"]
[BlackElo "2537"]
[PlyCount "44"]
[EventDate "2024.12.07"]
[EventType "swiss (rapid)"]
[EventRounds "11"]
[EventCountry "MKD"]
[SourceTitle "CB50_2024"]
[SourceDate "2024.11.01"]
[SourceVersion "1"]
[SourceVersionDate "2024.11.01"]
[SourceQuality "2"]

1. e4 e5 2. Nf3 Nc6 3. Bb5 Nf6 4. d3 Bc5 5. Bg5 a6 6. Bxc6 dxc6 7. Nbd2 Be6 8. Nb3 Bb6 9. 0-0 Qd6 10. Bxf6 gxf6 11. Nh4 h5 12. Nf5 Qd7 13. Ng7+ Ke7 14. Kh1 Bg4 15. f3 Rag8 16. fxg4 Rxg7 17. Qf3 hxg4 18. Qxf6+ Kf8 19. Rf5 Qd6 20. Qxe5 Qxe5 21. Rxe5 Bf2 22. Rf5 Rxh2+ 0-1

[Event "EU-ch Rapid"]
[Site "Skopje"]
[Date "2024.12.07"]
[Round "4"]
[White "Stankovic, Milos"]
[Black "Georgiev, Kiril"]
[Result "0-1"]
[WhiteElo "2462"]
[BlackElo "2537"]
[PlyCount "78"]
[EventDate "2024.12.07"]
[EventType "swiss (rapid)"]
[EventRounds "11"]
[EventCountry "MKD"]
[SourceTitle "CB50_2024"]
[SourceDate "2024.11.01"]
[SourceVersion "1"]
[SourceVersionDate "2024.11.01"]
[SourceQuality "2"]

1. d4 Nf6 2. Nf3 d5 3. Bf4 c5 4. e3 Nc6 5. Bb5 e6 6. 0-0 Bd7 7. Nbd2 a6 8. Bxc6 Bxc6 9. Ne5 Rc8 10. Ndf3 Be7 11. dxc5 Bxc5 12. c4 0-0 13. Rc1 dxc4 14. Nxc6 Rxc6 15. Rxc4 Nd5 16. Qc2 Nxf4 17. exf4 Qe7 18. Ng5 g6 19. b4 Bxb4 20. Rxc6 bxc6 21. Qxc6 a5 22. Rd1 Rd8 23. Rxd8+ Qxd8 24. h4 h6 25. Nf3 Qd1+ 26. Kh2 Bd6 27. Ne5 Bxe5 28. fxe5 Qd2 29. Qa8+ Kg7 30. Qf3 Qd4 31. Qf6+ Kg8 32. Kg3 a4 33. Qf4 Qc3+ 34. Kh2 a3 35. Qe4 Qb2 36. h5 gxh5 37. Qf4 Qxa2 38. Qg3+ Kf8 39. Qh4 Qd2 0-1

[Event "Wch Seniors 50 32nd"]
[Site "Porto Santo"]
[Date "2024.11.27"]
[Round "10"]
[White "Georgiev, Kiril"]
[Black "Mikhalevski, Victor"]
[Result "1/2-1/2"]
[WhiteElo "2553"]
[BlackElo "2488"]
[PlyCount "194"]
[EventDate "2024.11.17"]
[EventType "swiss"]
[EventRounds "11"]
[EventCountry "POR"]
[SourceTitle "CB49_2024"]
[SourceDate "2024.12.04"]
[SourceVersion "1"]
[SourceVersionDate "2024.12.04"]
[SourceQuality "1"]

1. e4 e5 2. Nf3 Nc6 3. Bb5 a6 4. Ba4 Nf6 5. d3 b5 6. Bb3 Bc5 7. a4 Rb8 8. Nc3 h6 9. axb5 axb5 10. Be3 Bxe3 11. fxe3 d6 12. 0-0 0-0 13. Nd2 Be6 14. Nd5 Nh7 15. Qe2 Ne7 16. Nxe7+ Qxe7 17. Ra7 Ra8 18. Rfa1 Rxa7 19. Rxa7 Nf6 20. Bxe6 fxe6 21. h3 Qd7 22. b4 Qc6 23. Nb3 Qb6 24. Ra1 c5 25. bxc5 dxc5 26. Kh2 Kh7 27. Nd2 c4 28. dxc4 bxc4 29. Nxc4 Qc7 30. Rd1 Ra8 31. Nd6 Ra2 32. Rd2 Qc3 33. Nb5 Qb4 34. Nd6 Qc3 35. Nb5 Qb4 36. Nd6 Qb1 37. Qd1 Qxd1 38. Rxd1 Rxc2 39. Kg3 Kg6 40. Kf3 h5 41. Nb7 Nh7 42. h4 Rc7 43. Ra1 Nf6 44. Rd1 Nh7 45. Nd6 Nf6 46. Nb7 Nh7 47. Nd6 Nf6 48. Ke2 Ng4 49. g3 Rc2+ 50. Rd2 Rc1 51. Rd1 Rc2+ 52. Rd2 Rc6 53. Nb5 Rc4 54. Nd6 Rb4 55. Rc2 Rb6 56. Nc4 Rb1 57. Kf3 Rf1+ 58. Kg2 Re1 59. Kf3 Rf1+ 60. Kg2 Re1 61. Kf3 Rf1+ 62. Kg2 Re1 63. Kf3 Rf1+ 64. Kg2 Re1 65. Kf3 Kf6 66. Re2 Rf1+ 67. Kg2 Rc1 68. Nd2 Ke7 69. Kf3 Rd1 70. Nc4 Rf1+ 71. Kg2 Rc1 72. Nd2 Kd6 73. Nb3 Rc3 74. Nd2 Kc6 75. Kf3 Rc1 76. Kg2 Kb5 77. Nf3 Rc3 78. Ng5 Nxe3+ 79. Kf2 Ng4+ 80. Kg2 Kc4 81. Nxe6 Kd3 82. Ra2 g6 83. Ng5 Ne3+ 84. Kf2 Ng4+ 85. Kg2 Ne3+ 86. Kf2 Rc2+ 87. Rxc2 Nxc2 88. Kf3 Nd4+ 89. Kf2 Nc2 90. Kf3 Nd4+ 91. Kf2 Nb3 92. g4 Nd2 93. Nf7 Kxe4 94. Nh8 hxg4 95. Nxg6 Kf5 96. Ne7+ Ke6 97. Nc6 Ne4+ 1/2-1/2

[Event "Wch Seniors 50 32nd"]
[Site "Porto Santo"]
[Date "2024.11.18"]
[Round "2"]
[White "Rocha, Sergio MC"]
[Black "Georgiev, Kiril"]
[Result "0-1"]
[WhiteElo "2314"]
[BlackElo "2553"]
[PlyCount "132"]
[EventDate "2024.11.17"]
[EventType "swiss"]
[EventRounds "11"]
[EventCountry "POR"]
[SourceTitle "CB49_2024"]
[SourceDate "2024.12.04"]
[SourceVersion "1"]
[SourceVersionDate "2024.12.04"]
[SourceQuality "1"]

1. e4 e5 2. Nf3 Nc6 3. Bb5 a6 4. Bxc6 dxc6 5. 0-0 Qf6 6. d3 h6 7. Be3 Ne7 8. Qe1 Bg4 9. Nbd2 Ng6 10. h3 Be6 11. d4 0-0-0 12. c3 Rg8 13. a4 Bd6 14. dxe5 Bxe5 15. Nxe5 Nxe5 16. f4 Nc4 17. f5 Nxd2 18. Bxd2 Bb3 19. e5 Qe7 20. Bf4 Kb8 21. Qe3 g5 22. Bg3 Bc4 23. Rfd1 Rxd1+ 24. Rxd1 Rd8 25. Rd4 Bb3 26. a5 Rxd4 27. Qxd4 c5 28. Qf2 Kc8 29. e6 Bd5 30. Be5 f6 31. Bh2 Be4 32. g4 Qd8 33. Qe2 Qd5 34. Kf2 Kd8 35. Qe3 h5 36. Ke2 h4 37. Bg1 Ke8 38. Bh2 c6 39. Bc7 c4 40. Bb6 Bd3+ 41. Kd2 Bxf5+ 42. Bd4 Bxe6 43. Kc2 Kf7 44. Kb1 c5 45. Bxc5 Qd3+ 46. Kc1 Qxe3+ 47. Bxe3 Bd5 48. Kd2 Bg2 49. Ke2 Bxh3 50. Kf3 Kg6 51. Bb6 Bf1 52. Bd8 Bd3 53. Kg2 Be2 54. Kh3 Bd1 55. Be7 f5 56. gxf5+ Kxf5 57. Bd8 Ba4 58. Be7 Bd7 59. Bd8 Kf4+ 60. Kh2 Kg4 61. Be7 Bc6 62. Bd8 Kh5 63. Bc7 g4 64. Bd6 g3+ 65. Kh3 Bd7+ 66. Kg2 Kg4 0-1

[Event "CRO-chT1B 32nd"]
[Site "Veli Losinj"]
[Date "2024.10.13"]
[Round "9.1"]
[White "Koelle, Tobias"]
[Black "Georgiev, Kiril"]
[Result "1/2-1/2"]
[WhiteElo "2434"]
[BlackElo "2553"]
[PlyCount "46"]
[EventDate "2024.10.05"]
[EventType "team-tourn"]
[EventRounds "9"]
[EventCountry "CRO"]
[SourceTitle "CB47_2024"]
[SourceDate "2024.11.20"]
[SourceVersion "1"]
[SourceVersionDate "2024.11.20"]
[SourceQuality "1"]
[WhiteTeam "Rijeka Junior"]
[BlackTeam "Sibenik"]
[WhiteTeamCountry "CRO"]
[BlackTeamCountry "CRO"]

1. d4 Nf6 2. c4 e6 3. Nf3 d5 4. Nc3 dxc4 5. e4 Bb4 6. Bxc4 Nxe4 7. 0-0 Nf6 8. Qa4+ Nc6 9. Ne5 Bd7 10. Nxc6 Bxc3 11. Nxd8 Bxa4 12. Nxe6 fxe6 13. bxc3 Kd7 14. Re1 Rhe8 15. Re5 Bc2 16. f3 c6 17. Ba3 b5 18. Bf1 Nd5 19. Rc1 Bf5 20. c4 bxc4 21. Bxc4 Rab8 22. Bxd5 cxd5 23. Re3 Rec8 1/2-1/2

[Event "CRO-chT1B 32nd"]
[Site "Veli Losinj"]
[Date "2024.10.08"]
[Round "4.1"]
[White "Georgiev, Kiril"]
[Black "Michalik, Peter"]
[Result "1/2-1/2"]
[WhiteElo "2553"]
[BlackElo "2564"]
[PlyCount "64"]
[EventDate "2024.10.05"]
[EventType "team-tourn"]
[EventRounds "9"]
[EventCountry "CRO"]
[SourceTitle "CB47_2024"]
[SourceDate "2024.11.20"]
[SourceVersion "1"]
[SourceVersionDate "2024.11.20"]
[SourceQuality "1"]
[WhiteTeam "Sibenik"]
[BlackTeam "Slavonski Brod Djakovic"]
[WhiteTeamCountry "CRO"]
[BlackTeamCountry "CRO"]

1. e4 e5 2. Nf3 Nc6 3. Bb5 a6 4. Ba4 Nf6 5. 0-0 Be7 6. Re1 b5 7. Bb3 0-0 8. c3 d5 9. d3 dxe4 10. dxe4 Qxd1 11. Bxd1 h6 12. Nbd2 Rd8 13. Bc2 Be6 14. Bb3 Bxb3 15. Nxb3 Rab8 16. Be3 Nxe4 17. Nxe5 Nxe5 18. Bd4 Nc4 19. Rxe4 Bf8 20. Re2 a5 21. Rc2 a4 22. Nd2 c5 23. Be3 Nxe3 24. fxe3 Rd3 25. Kf2 Re8 26. Re1 g5 27. Nf1 Bg7 28. Ke2 Rf8 29. Ng3 a3 30. bxa3 Bxc3 31. Rec1 b4 32. Ne4 Bg7 1/2-1/2

[Event "KOS-chT"]
[Site "Pristina"]
[Date "2024.05.18"]
[Round "2.1"]
[White "Georgiev, Kiril"]
[Black "Petrov, Martin"]
[Result "1/2-1/2"]
[WhiteElo "2545"]
[BlackElo "2511"]
[PlyCount "24"]
[EventDate "2024.05.17"]
[EventType "team-tourn"]
[EventRounds "7"]
[EventCountry "KOS"]
[SourceTitle "CBM 220 Extra"]
[Source "ChessBase"]
[SourceDate "2024.07.31"]
[SourceVersion "1"]
[SourceVersionDate "2024.07.31"]
[SourceQuality "1"]
[WhiteTeam "Drejtesia Trokadero"]
[BlackTeam "Peja"]
[WhiteTeamCountry "KOS"]
[BlackTeamCountry "KOS"]

1. e4 c5 2. Nf3 d6 3. Bb5+ Bd7 4. Bxd7+ Nxd7 5. 0-0 e6 6. b3 Be7 7. Bb2 Bf6 8. d4 cxd4 9. Bxd4 Ne7 10. Bxf6 Nxf6 11. Qe2 0-0 12. c4 Qa5 1/2-1/2